Top 50: España - Estadísticas

Estadísticas generales
  • Esta prueba ha sido intentada 24 veces
    8 desde el último reinicio
  • La puntuación promedio es 30 de 50
Estadísticas de respuestas
Puesto Cantante Título % Correcto
10 Aitana SUPERESTRELLA
100%
1 Quevedo & Nueva Línea AL GOLPITO
83%
16 Justin Bieber & Nicki Minaj Beauty And A Beat
83%
8 Quevedo CAPRICHOSO
83%
15 Romeo Santos & Prince Royce Dardos
83%
9 Jay Wheeler De Lejitos
83%
44 Mora & C. Tangana DROGA
83%
4 Quevedo EL BAIFO
83%
2 Quevedo & Elvis Crespo LA GRACIOSA
83%
3 Quevedo NI BORRACHO
83%
47 Los Buyer & Pikeras NO LE DIGO QUE NO
83%
34 Quevedo & Beéle YO Y TÚ
83%
11 Quevedo & La Pantera & Lucho RK & Juseph ALGO VA A PASAR
67%
36 Michael Jackson Beat It
67%
14 Michael Jackson Billie Jean
67%
28 Alleh & Yorghaki capaz (merenguetón)
67%
48 Bad Gyal & Chencho Corleone Choque
67%
37 El Bogueto & Anuel AA & Fuerza Regida & Yung Beef Cuando No Era Cantante - Remix
67%
40 La La Love You El Fin del Mundo
67%
13 Quevedo & Tonny Tun Tun GÁLDAR
67%
38 Quevedo & Los Gofiones HIJO DE VOLCÁN
67%
20 Quevedo HOOKAH Y CALOR
67%
18 Beéle & Ovy On The Drums La Plena - W Sound 05
67%
23 Ryan Castro & Kapo LA VILLA
67%
35 Clarent LOVE
67%
41 Kidd Voodoo & JC Reyes Me Mareo
67%
12 Aissa & Rvfv MUCHACHA
67%
42 Young Cister QLOO*
67%
7 Quevedo SCANDIC
67%
46 Myke Towers & Quevedo SOLEAO
67%
26 La Pantera TOTY
67%
22 Quevedo 2010YPICO
50%
24 Bad Bunny BAILE INoLVIDABLE
50%
31 Quevedo ESTÁ EN CASA
50%
32 Quevedo FLAKITO
50%
17 Omar Courtz & Ñengo Flow FOREVER TU GANTEL
50%
5 Omar Courtz KOKO
50%
49 Rosalía & Yahritza Y Su Esencia La Perla
50%
30 Beéle no tiene sentido
50%
21 Rels B TU VAS SIN (fav)
50%
6 Ya Ice Dilan & Rey Tony & Helabusador Dichavate
33%
39 JC Reyes & Slayter LOQUITA
33%
50 Quevedo MI BALCÓN
33%
45 YOVNGCHIMI & JC Reyes MVLAN
33%
29 Bad Bunny NUEVAYoL
33%
27 Omar Courtz POR SI MAÑANA NO ESTOY
33%
25 Omar Courtz & ROA WO OH OH
33%
33 Reality Por Si Muero Mañana
17%
19 Yapi POR TI
17%
43 Lil Naay UNA BABY EN SANTIAGO
17%
No se encontraron pruebas coincidentes
Distribución de puntuación
Porcentaje de gente con cada puntuación
Porcentaje por número respondido
Historial de tus puntuaciones
No has intentado esta prueba desde el último reinicio